Új-Zéland marketing kommunikációs stratégiája a turizmusban

Bibliográfiai részletek
Szerző: Sáth Kata
További közreműködők: Sipos Erika
Dokumentumtípus: Diplomadolgozat
Kulcsszavak:fenntarthatóság
kommunikáció
marketing
marketingkommunikáció
turizmus
Új-Zéland
Online Access:http://dolgozattar.uni-bge.hu/59963

MARC

LEADER 00000nta a2200000 i 4500
001 dolg59963
005 20260409145814.0
008 260409suuuu hu om 000 hun d
040 |a BGE Dolgozattár Repozitórium  |b hun 
041 |a hu 
100 1 |a Sáth Kata 
245 1 0 |a Új-Zéland marketing kommunikációs stratégiája a turizmusban  |c Sáth Kata  |h [elektronikus dokumentum] 
520 3 |a A szakdolgozat Új-Zéland turizmusának marketingkommunikációs stratégiáját vizsgálja, különös tekintettel az ország márkázására, célcsoportjaira, kommunikációs csatornáira és a fenntarthatóság szerepére. A kutatás kvalitatív módszerrel térképezi fel, hogyan érzékelik a turisták Új-Zéland imázsát, és milyen tényezők befolyásolják az utazási döntéseiket. A dolgozat részletes külső (PESTLE) és belső (SWOT) elemzést tartalmaz, valamint konkrét kampányok, például a „100% Pure New Zealand” és a filmes turizmus hatásait is értékeli. A szerző gyakorlati tapasztalatokra és személyes élményekre építve javaslatokat fogalmaz meg a szezonon kívüli időszakok népszerűsítésére, az új célpiacok bevonására, valamint a digitális és fenntartható turizmus további fejlesztésére. 
695 |a fenntarthatóság 
695 |a kommunikáció 
695 |a marketing 
695 |a marketingkommunikáció 
695 |a turizmus 
695 |a Új-Zéland 
700 1 |a Sipos Erika  |e ths 
856 4 0 |u http://dolgozattar.uni-bge.hu/59963/1/S%C3%A1th%20Kata%20Szakdolgozat%20V%C3%A9gleges.pdf  |z Dokumentum-elérés 
856 4 0 |u http://dolgozattar.uni-bge.hu/59963/2/S%C3%A1th%20Kata_opponens_Del%20Medico%20Anna.pdf  |z Dokumentum-elérés 
856 4 0 |u http://dolgozattar.uni-bge.hu/59963/3/S%C3%A1th%20Kata%20konzulensi%20b%C3%ADr%C3%A1lata.pdf  |z Dokumentum-elérés